|
|
|
|
| LEADER |
00000nab a2200000 a 4500 |
| 001 |
vtls008990665 |
| 003 |
SK-MaSNL |
| 005 |
20260304133608.0 |
| 008 |
250505c2007 xo dr|p|||||||000 b|slo |
| 015 |
|
|
|a SNBRB2007/05
|2 snkbucl
|
| 035 |
|
|
|a (uuid)1e3a9762-9271-4fc4-bad6-7c9b635da22d
|
| 035 |
|
|
|a urn:nbn:sk:snk-aba2za
|
| 035 |
|
|
|a (urnnbn)urn:nbn:sk:snk:ar-a09az1
|
| 038 |
|
|
|a SNKBUCL
|
| 040 |
|
|
|a SNKBUCL
|b slo
|c SNKBUCL
|e AACR2
|
| 041 |
0 |
|
|a slo
|
| 044 |
|
|
|a xo
|c SK
|
| 080 |
|
|
|a 797.012.6
|2 2001
|
| 100 |
1 |
|
|a Macejková, Yvetta,
|d 1950-
|4 aut
|9 224784
|
| 245 |
1 |
0 |
|a Dôležitosť plaveckých zručností v didaktike plávania
|c Yvetta Macejková
|
| 300 |
|
|
|b Obr.
|
| 504 |
|
|
|a Bibliogr. odkazy
|
| 650 |
0 |
7 |
|a plávanie
|2 snkbucl
|9 3241
|
| 650 |
0 |
7 |
|a motorický výcvik
|2 snkbucl
|9 1450705
|
| 773 |
0 |
|
|t Telesná výchova a šport
|g Roč. XVII, č. 1 (2007), s. 17-18
|x 1335-2245
|
| 850 |
|
|
|a Slovenská národná knižnica
|
| 852 |
|
|
|a Slovenská národná knižnica
|
| 954 |
|
|
|a odborná, vedecká literatúra pôvodná (slovenská)
|2 lita
|
| 958 |
|
|
|a article13
|
| 958 |
|
|
|a OND
|
| 958 |
|
|
|a NB
|
| 958 |
|
|
|a EUIPO
|
| 999 |
|
|
|c 2902536
|d 2904466
|